000 00972nam a2200253Ia 4500
003 OSt
005 20221005112131.0
006 a|||||r|||| 00| 0
007 ta
008 221004b |||||||| |||| 00| 0 pan d
020 _a81897791044 (hbk)
_c150
024 _a7727
037 _b693, 12/06/2013, H.K. Prakashan
_cTextual
040 _aCRL
_cCRL
_bpan
041 _2pan
_apan
082 _aO153,8NRAx, Q2
100 _aਹਵੇਲੀਆਣਾ, ਲਖਵਿੰਦਰ ਸਿੰਘ ਰਈਆ
_9624283
245 0 _aਸੌ੍ਵਕਣ ਸੌ੍ਵਕਣ ਦਾ ਮੁਕਾਬਲਾ
260 _aਅੰਮ੍ਰਿਤਸਰ
_bਆਗ਼ਾਦ ਬੁੱਕ ਡੀਪੂ ਭਾਰਤ
_c2012
300 _a112ਪੰ
_ccm.
650 _aਪੰਜਾਬੀ ਸਾਹਿਤ
942 _hO153,8NRAx, Q2
_cTEXL
_2cc
999 _c1023917
_d1023917